Slovenské lesokruhy magazín o lesníctve, vlastníctve lesov a hospodárení s drevom

Bibliographic Details
New Title:Les & Slovenské lesokruhy
Other Authors: Fillo, Ján (Publishing director)
Format: Journal
Language:Slovak
Czech
PhysicalDescription:4 zv. 30 cm
Published: Bratislava Lesmedium 2002-2005
ISSN:1336-0612
1336-9237
Subjects:

MARC

LEADER 00000cas a2200000 a 4500
001 vtls001467658
003 SK-MaSNL
005 20260228161255.0
008 250526d20022005xo br|p 0 0b0slo c
022 |a 1336-0612 
035 |a SNK000422963 
035 |a (SVKBB03)vtls000107168 
040 |a SNK  |b slo  |c SNK  |d SVKBB  |e AACR2 
041 0 |a slo  |a cze 
044 |a xo  |c SK 
072 7 |a 630  |x Lesníctvo  |2 konspekt 
072 7 |a 347  |x Súkromné právo  |2 konspekt 
080 |a 630  |2 2001 
080 |a 630.1  |2 2001 
080 |a 050  |2 2001 
080 |a 630.92  |2 2001 
080 |a 347.23  |2 2001 
080 |a 630.81  |2 2001 
080 |a 630.41  |2 2001 
080 |a (051)-027.561  |2 2001 
210 0 |a Slov. lesokruhy 
222 0 |a Slovenské lesokruhy 
245 0 0 |a Slovenské lesokruhy  |b magazín o lesníctve, vlastníctve lesov a hospodárení s drevom 
260 |a Bratislava  |b Lesmedium  |c 2002-2005 
300 |a 4 zv.  |c 30 cm 
310 |a 6x ročne 
362 0 |a Č. 1 (2002)-roč. IV, č. 6 (2005) 
500 |a Od roku 2006 sa časopis spojil s časopisom Les 
500 |a Reg. č.: MK SR 2691/2001 
500 |a Šéfredaktor: 2002-2005, Ján Fillo 
500 |a Má príl.: Spravodajca - Poradca pre vlastníkov lesov 
500 |a V r. 2003-2004 vychádza 6x ročne ako dvojčísla 1-2, 3-4, ... 
546 |a Čiast. text aj v čes. 
580 |a Zlúčením s titulom: Les vznikol: Les & Slovenské lesokruhy 
650 0 7 |a lesníctvo  |2 SNKPH  |9 1255 
650 0 7 |a lesy  |2 SNKPH  |9 1437 
650 0 7 |a lesný majetok  |2 SNKPH  |9 69485 
650 0 7 |a vlastnícke právo  |2 SNKPH  |9 2249 
650 0 7 |a drevo  |2 SNKPH  |9 3560 
650 0 7 |a ochrana lesa  |2 SNKPH  |9 2455 
655 7 |a odborné časopisy  |2 SNKPH  |9 70505 
700 1 |a Fillo, Ján  |4 pbd  |9 5020 
785 0 7 |t Les & Slovenské lesokruhy  |x 1336-9237  |w vtls008945003 
852 |a Štátna vedecká knižnica v Banskej Bystrici 
910 |a snk 
916 |a 2002-2005 
958 |a ONDV 
999 |c 4891  |d 6821 
952 |0 0  |1 0  |4 0  |7 0  |8 0  |a SNK  |b SNK  |d 2011-10-17  |f 1  |i snk2011/21332  |l 0  |o snkČSB 5743/2002  |p 17A0706097  |r 2026-02-21 20:29:31  |t č. 1-6  |w 2026-02-21  |y PREZ 
952 |0 0  |1 0  |4 0  |7 0  |8 0  |a SNK  |b SNK  |d 2011-10-17  |i snk2011/21333  |l 0  |o snkČSB 5743/2002 D1  |p 17A0706098  |r 2026-02-21 20:29:31  |t č. 1-6, neúpl.  |w 2026-02-21  |y PREZ  |z Chýba č. 2. 
952 |0 0  |1 0  |4 0  |7 0  |8 0  |a SNK  |b SNK  |d 2011-10-17  |f 1  |i snk2011/21334  |l 0  |o snkČSB 5743/2003  |p 17A0706099  |r 2026-02-21 20:29:32  |t č. 1-12  |w 2026-02-21  |y PREZ 
952 |0 0  |1 0  |4 0  |7 0  |8 0  |a SNK  |b SNK  |d 2011-10-17  |i snk2011/21335  |l 0  |o snkČSB 5743/2003 D1  |p 17A0706100  |r 2026-02-21 20:29:33  |t č. 1-12  |w 2026-02-21  |y PREZ 
952 |0 0  |1 0  |4 0  |7 0  |8 0  |a SNK  |b SNK  |d 2011-10-17  |f 1  |i snk2011/21336  |l 0  |o snkČSB 5743/2004  |p 17A0706101  |r 2026-02-21 20:29:33  |t č. 1-12  |w 2026-02-21  |y PREZ 
952 |0 0  |1 0  |4 0  |7 0  |8 0  |a SNK  |b SNK  |d 2011-10-17  |i snk2011/21337  |l 0  |o snkČSB 5743/2004 D1  |p 17A0706102  |r 2026-02-21 20:29:33  |t č. 1-12  |w 2026-02-21  |y PREZ 
952 |0 0  |1 0  |4 0  |7 0  |8 0  |a SNK  |b SNK  |d 2011-10-17  |f 1  |i snk2011/21338  |l 0  |o snkČSB 5743/4/2005  |p 17A0706103  |r 2026-02-21 20:29:33  |t č. 1-6  |w 2026-02-21  |y PREZ 
952 |0 0  |1 0  |4 0  |7 0  |8 0  |a SNK  |b SNK  |d 2011-10-17  |i snk2011/21339  |l 0  |o snkČSB 5743/4/2005 D1  |p 17A0706104  |r 2026-02-21 20:29:33  |t č. 1-6, neúpl.  |w 2026-02-21  |y PREZ  |z Chýba č. 3.